عرض عادي
عرض مارك
- Body language
دخول Topical Term
001 - CONTROL NUMBER
- control field: 22718
003 - CONTROL NUMBER IDENTIFIER
- control field: AE-AdECS
005 - DATE AND TIME OF LATEST TRANSACTION
- control field: 20251113083839.0
008 - FIXED-LENGTH DATA ELEMENTS
- fixed length control field: 251113|| aca||aabn | a|a d
040 ## - CATALOGING SOURCE
- Original cataloging agency: AE-AdECS
- Transcribing agency: AE-AdECS
150 ## - HEADING--TOPICAL TERM
- Topical term or geographic name entry element: Body language
- Geographic subdivision: Congo (Democratic Republic)
670 ## - SOURCE DATA FOUND
- Source citation: Work cat.: (AE-AdECS)292977: Covington-Ward, Yolanda, 1979- author. 22717, Gesture and power :
